| 000 | 01285cam a2200193ua 4500 | ||
|---|---|---|---|
| 020 | _c1.90 | ||
| 041 |
_aeng _h |
||
| 082 |
_a616.95306 _bWHO/EX |
||
| 110 | 1 |
_aWorld Health Organisation . _bWHO _c(World Health Organisation ) |
|
| 245 |
_aExpert committee on rabies / _cWorld Health Organisation. _hTextual Documents |
||
| 260 |
_aGeneva : _bWorld Health Organisation , _c1957. |
||
| 300 | _a32 ; . | ||
| 365 | _a1.90 | ||
| 440 | 0 |
_aWHO Technical Reports, _v121 _x; |
|
| 490 | 0 |
_aWHO Technical Reports, _v121 _x; |
|
| 504 | _a | ||
| 942 | _cBK | ||
| 999 |
_c4786 _d4786 |
||